000 00418nam a2200193Ia 4500
008 151119s9999||||xx |||||||||||||| ||und||
082 _a28.5
082 _bGKKV5423
100 _aRAOBAIL
245 _aKAKA TELL ME A STORY
260 _a--
260 _b--
260 _c0
600 _aRAOBAIL
630 _aKAKA TELL ME A STORY
700 _aRAOBAIL
730 _aKAKA TELL ME A STORY
942 _cBOOK
999 _c1060469
_d1060466